000 00701nam a2200253Ia 4500
003 OSt
005 20220924115950.0
006 a|||||r|||| 00| 0
007 ta
008 220923b |||||||| |||| 00| 0 hin d
024 _a40534
037 _cTextual
040 _aARTS
_cARTS
_bhin
041 _2hin
_ahin
082 _aO15,1MVEx, 15L8
100 _aVenidatta
_9176374
245 0 _aRasa kaustubha
260 _aDelhi
_bIndu Prakashan India
_c1978
300 _a120p.
_ccm.
650 _aSANSKRIT LITERATURE
700 _a Awasthi Brahma Mitra Ed.
_973855
942 _hO15,1MVEx, 15L8
_cTEXL
_2CC
999 _c400674
_d400674